Normal view
MARC view
Entry Nombre personal
001 - NÚMERO DE CONTROL
- campo de control: 193696
003 - IDENTIFICADOR DE NÚMERO DE CONTROL
- campo de control: SpMaBN
005 - FECHA Y HORA DE LA ÚLTIMA TRANSACCIÓN
- campo de control: 20250805123024.0
008 - ELEMENTOS DE DATO DE LONGITUD-FIJA
- campo de control de longitud fija: 210628n| azznnaabn |n aac d
040 ## - FUENTE DE CATALOGACIÓN
- Centro catalogador/agencia de origen: SpMaBN
- Lengua de catalogación: spa
- Centro/agencia transcriptor: SpMaBN
- Normas de descripción: rdc
- Convención/Normas de encabezamiento de materia/tesauro: embne
100 1# - ENCABEZAMIENTO-NOMBRE DE PERSONA
- Nombre de persona: Carmona Lázaro, Alba
375 ## - GÉNERO/SEXO
- Género: Femenino
377 ## - IDIOMA ASOCIADO
- Término de lengua/lenguaje: Español
670 ## - FUENTE DE DATOS ENCONTRADOS
- Cita de la fuente: Unos clásicos... ¡de cine!, 2021
- Información encontrada: portada (Alba Carmona) página de créditos (comisarios, Alba Carmona Lázaro)
